| 000 | 01202nam0a22002891 4500 | ||
|---|---|---|---|
| 001 | rc\4260329 | ||
| 005 | 20130416115451.1 | ||
| 021 |
_aRU _b[57-35422] |
||
| 035 | _a(NLR Aleph) 008481913 | ||
| 090 |
_a7995657 _c7995657 |
||
| 100 | _a20130416d1957 |||y0rusy50 ca | ||
| 101 | 0 | _arus | |
| 102 | _aRU | ||
| 105 | _aa z ||||| | ||
| 200 | 1 |
_aИспользование радиоактивных излучений в нефтяной промышленности _fВсесоюз. о-во по распространению полит. и науч. знаний |
|
| 210 |
_aМосква _cЗнание _d1957 |
||
| 215 |
_a23 с. _cил. _d22 |
||
| 225 | 1 |
_a[Серия 4 _v№ 13] |
|
| 300 | _aПеред загл. авт.: д-р техн. наук проф. В.Г. Беньковский | ||
| 320 | _aБиблиогр. в конце книги | ||
| 606 |
_aРадиоактивные изотопы _xПрименение в нефтяной промышленности _2psbo |
||
| 700 | 1 |
_aБеньковский _bВ. Г. _f1912-1986 _gВасилий Григорьевич |
|
| 801 | 0 |
_aRU _bNLR _gpsbo |
|
| 801 | 1 |
_aRU _bELAR _2rusmarc |
|
| 852 |
_aNLR _j57-6/4444 |
||
| 942 | _cBOOK | ||
| 980 | _aNB | ||